000 00866cab a2200241 4500
001 ABS48171
008 090401t1993 xxu||||| |||| 00| 0 eng d
035 _a(Sirsi) u65325
041 _aeng
100 _aBlackburn, R.B.
245 _aCounty Mall - A shopping centre fire safety strategy for the 1990s
260 _c1993
350 _a0
490 _aFire Engineers' Journal
_v53(168) March 1993, 18-27(10)
520 _aDescribes the overall fire safety strategy for the new County Mall Shopping Centre at Crawley looking at how it was achieved, describing in detail the fire safety elements and means of escape.
650 _aFIRE PREVENTION
650 _aMANAGEMENT-HEALTH AND SAFETY-FIRE SAFETY
650 _aMEANS OF ESCAPE
650 _aSHOPPING CENTRES
690 _aBUILT ENVIRONMENT-BUILDING STANDARDS
942 _n0
948 _c04/03/1997
999 _c40738
_d40738